000 00279nam a22001217a 4500
005 20240424110018.0
008 161102b xxu||||| |||| 00| 0 eng d
040 _aLB-BrCRDP
100 _aRabiaa
245 _aTraitement des enfants
650 0 _aEducation
_95
942 _2ddc
_cBK
999 _c17190
_d17190